000 01404nam a22002297a 4500
999 _c63473
_d63473
003 Ge_BSU
005 20251015205257.0
008 251015s2009 ge ||||| |||| 00| 0 geo d
020 _a9789941012396
041 _ageo
080 _a338.43(479.22) ბ-31
100 _aბაუჩაძე, ბესიკ
_92958
245 _aსაქართველოს აგროსასურსათო სექტორის რესტრუქტურიზაციის მატერიალურ-ტექნიკური ბაზის ფორმირება და განვითარება გარდამავალ პერიოდში :
_b მონოგრაფია /
_c ბესიკ ბაუჩაძე; [რედ. თამაზ კუნჭულია].
264 _aთბილისი,
_c 2009.
300 _a101გვ. ;
_b20სმ.
504 _aბიბლიოგრ.: გვ. 97-100.
653 _aსაქართველოს სოფლის მეურნეობის ეკონომიკა
653 _aსასურსათო საკითხი საქართველოში
653 _aმატერიალურ-ტექნიკური ბაზა
700 _aკუნჭულია, თამაზ
_eრედაქტორი
_917900
942 _2udc
_cᲬᲘᲒᲜᲘ